000 01894nam a2200553 i 4500
001 43980
003 KOSZ 005
005 20230118130029.0
008 040105s2004 pl a |000 0 pol
015 _aUWD 2004/2211
020 _a8371932162
035 _a991021609209705066
035 _a(PL-WaBN)b15840980-48omnis_nlop
035 _ab15840980
035 _a(OCoLC)749210896
035 _azz2003871963
035 _a(PL)b0000001584098
035 _a(EXLNZ-48OMNIS_NETWORK)9910080579805606
040 _aWA N
_cWA N
_dWA N
_dKOSZ 005/HR
041 0 _apol
046 _k2004
080 _a691
080 _a699.8
080 _a536.08
080 _a004.032.26
080 _a519.86
100 1 _aMinkina, Waldemar
_d(1953- )
_eAutor
245 1 0 _aPomiary parametrów cieplnych materiałów termoizolacyjnych - przyrządy i metody /
_cWaldemar Minkina, Stanisław Chudzik ; Politechnika Częstochowska.
260 _aCzęstochowa :
_bWydawnictwo PC,
_c2004.
300 _a124, [1] s. :
_bfot. kolor., rys., wykr. ;
_c24 cm.
336 _aTekst
_btxt
_2rdacontent
337 _aBez urządzenia pośredniczącego
_bn
_2rdamedia
338 _aWolumin
_bnc
_2rdacarrier
380 _aKsiążki
388 _a2001-
504 _aBibliogr. s. 121-[125].
650 7 _aIzolacje cieplne
_2DBN
650 7 _aLogika rozmyta
_2DBN
650 7 _aMetody badawcze
_2DBN
650 7 _aPrzewodnictwo cieplne
_2DBN
650 7 _aSztuczna sieć neuronowa
_2DBN
650 7 _aTermodynamika techniczna
_2DBN
658 _aArchitektura i budownictwo
700 1 _aChudzik, Stanisław
_eAutor
710 2 _aWydawnictwo Politechniki Częstochowskiej
_4pbl
856 _uhttp://koha.tu.koszalin.pl/cgi-bin/koha/opac-detail.pl?biblionumber=43980
_yKatalog online BPK
942 _2UKD
_cKS
999 _c43980
_d43980